000 00687nam a22001935i 4500
001 177562
003 ES-MaACL
005 20250730153639.0
008 110401s1987 sp |||| | spa d
020 _a84-7069-427-8
080 _a910.4(7/8)"14/15"(093)
245 0 0 _aHistoriadores de Indias /
_cselección, estudio preliminar y notas por Germán Arciniegas.
260 _aBarcelona :
_bOcéano-Éxito :
_bInstituto Gallach,
_cD. L. 1987.
300 _aXX, 444 p. ;
_c22 cm.
651 4 _aAmérica española-
_xHistoria-
_y1492-1600 (Descubrimiento y conquista)-
_vFuentes
_97725
700 0 _aArciniegas, Germán.
_922498
852 _aES-MaACL
_jE-14777
999 _c177562
_d177562